Ten years of water service reform in Latin America : Toward an Anglo-French model

Water supply and sanitation in Latin America is characterized by insufficient access and in many cases by poor service quality, with detrimental impacts on public health.Water and sanitation services are provided by a vast array of mostly local service providers under an often fragmented policy and...

ver descrição completa

Na minha lista:
Detalhes bibliográficos
Autor principal: Foster, Vivien
Formato: Livro
Idioma:Undetermined
Publicado em: Washington DC World Bank 2005
Assuntos:
Tags: Adicionar Tag
Sem tags, seja o primeiro a adicionar uma tag!
Thư viện lưu trữ: Trung tâm Học liệu Trường Đại học Cần Thơ
LEADER 01036nam a2200217Ia 4500
001 CTU_166359
008 210402s9999 xx 000 0 und d
082 |a 363.61 
082 |b F757 
100 |a Foster, Vivien 
245 0 |a Ten years of water service reform in Latin America : 
245 0 |b Toward an Anglo-French model 
245 0 |c Vivien Foster 
260 |a Washington DC 
260 |b World Bank 
260 |c 2005 
520 |a Water supply and sanitation in Latin America is characterized by insufficient access and in many cases by poor service quality, with detrimental impacts on public health.Water and sanitation services are provided by a vast array of mostly local service providers under an often fragmented policy and regulatory framework. Financing of water and sanitation remains a serious challenge. 
650 |a Water supply,Sanitation,Cung cấp nước,Vệ sinh 
650 |z Latin America,Latin America 
904 |i Trọng Hiếu 
980 |a Trung tâm Học liệu Trường Đại học Cần Thơ